| 000 | 00888nam a22002177a 4500 | ||
|---|---|---|---|
| 999 |
_c8937 _d8937 |
||
| 003 | AR-CdUCM | ||
| 008 | 190327b ||||| |||| 00| 0 sp d | ||
| 040 |
_aMUNICIPALIDAD PROVINCIAL DEL CUSCO _cBIBLIOTECA MUNICIPAL DEL CUSCO |
||
| 082 |
_a979.85 / _bB456 |
||
| 100 |
_aBenavides, Martín _924813 |
||
| 245 |
_aCambio y continuidad en la escuela peruana : _buna mirada institucional a la implementación de programas, procesos y proyectos educativos / |
||
| 260 |
_aLima : _bGrade, _c2010. |
||
| 300 |
_a205 páginas ; _c22 cm. |
||
| 505 | _aLa misma historia, el currículo de historia en dos -- Del dicho al hecho hay mucho trecho -- Respuestas de los docentes a las prisiones institucionales de cambio... | ||
| 650 |
_aCambio. _93544 |
||
| 650 |
_aContinuidad. _924814 |
||
| 650 |
_aEscuela peruana. _924815 |
||
| 700 |
_aNeira, Paul _924816 |
||
| 942 |
_2ddc _cLIBROS |
||
| 945 | _awfj | ||